banner-ar

المستودعات الرقمية فى بيئة التعليم الافتراضية / (Record no. 66823)

MARC details
000 -الفاتح
حقل البيانات ثابتة الطول 01037nam a2200265Ia 4500
005 - وقت وتاريخ اخر تعامل مع التسجيلة
رقم الضبط 20240530110941.0
008 - عناصر البيانات ثابتة الطول - معلومات عامة
حقل البيانات ثابتة الطول 140319s2021 ua dhf f 000 0 ara d
017 ## - رقم الايداع القانونى
رقم الايداع القانونى 2020/8725
المصدر ( الهيئة المختصة) مصر. دار الكتب
020 ## - الرقم الدولى المعيارى للكتب
الرقم الدولى المعيارى للكتاب 9789776784345
040 ## - مصدر الفهرسة
وكالة الفهرسة الأصلية GCL /
وكالة النسخ GCL
082 04 - رقم تصنيف ديوى العشرى
رقم الطبعة 21
رقم التصنيف 371.334
رقم المادة ا م
100 0# - المدخل الرئيسى - إسم شخصى
الإسم الشخصى السعيد مبروك ابراهيم
245 12 - بيان العنوان
العنوان المستودعات الرقمية فى بيئة التعليم الافتراضية /
بيان المسئوليه,etc السعيد مبروك ابراهيم
250 ## - بيان الطبعة
بيان الطبعة ط. 1
260 ## - PUBLICATION, DISTRIBUTION, ETC. (IMPRINT)
تاريخ النشر أو التوزيع 2021.
300 ## - الوصف المادى
التعداد 192 ص. :
تفاصيل ماديه اخرى للوعاء ايض ؛
أبعاد الوعاء 24 سم.
650 07 - المدخل الاضافى بالموضوع-مصطلح موضوعى
مصطلح موضوعي التعليم عن بعد
650 07 - المدخل الاضافى بالموضوع-مصطلح موضوعى
مصطلح موضوعي المستودعات الرقمية
650 07 - المدخل الاضافى بالموضوع-مصطلح موضوعى
مصطلح موضوعي المستودعات التعليمية الرقمية
650 07 - المدخل الاضافى بالموضوع-مصطلح موضوعى
مصطلح موضوعي تكنولوجيا التعليم
650 07 - المدخل الاضافى بالموضوع-مصطلح موضوعى
مصطلح موضوعي التعليم الالكترونى
650 07 - المدخل الاضافى بالموضوع-مصطلح موضوعى
مصطلح موضوعي MERLOT
942 ## - عناصر المدخل الإضافي( كوها)
مصدر التصنيف او مخطط الترفيف Dewey Decimal Classification
Koha [default] item type كتاب
260 ## - PUBLICATION, DISTRIBUTION, ETC. (IMPRINT)
-- الاسكندرية :
-- دار الوفاء لدنيا الطباعة و النشر،
Holdings
حالة التراجع حالة الفقد حالة تلف ليس للاعارة المكان المؤقت الموقع الحالى موقع الترفيف تاريخ الاكتساب اجمالي اﻻعارات رقم الطلب الباركود تاريخ اخر مشاهدة تاريخ تفعيل السعر نوع وعاء كوها
        مكتبة القاهرة الكبرى مكتبة القاهرة الكبرى ق الرئيسية_العلوم الاجتماعية_ك عربى 11/05/2022   371.334 ا م 168766 11/05/2022 11/05/2022 كتاب

Powered By

EGPV